[Event "FRA-ch"]
[Site "Meribel"]
[Date "1998.08.16"]
[Round "3"]
[White "Degraeve, Jean Marc"]
[Black "Miralles, Gilles"]
[Result "0-1"]
[WhiteElo "2580"]
[BlackElo "2515"]

1.e4 c5 2.Nf3 d6 3.Bb5+ Bd7 4.Bxd7+ Qxd7 5.O-O Nf6 6.Qe2 Nc6 7.b3 g6 8.c3 Ne5
9.Ne1 Nc6 10.Bb2 Qe6 11.f3 d5 12.Nd3 b6 13.Nf4 Qd6 14.Nxd5 Nxd5 15.exd5 Qxd5
16.c4 Nd4 17.Qf2 Qd7 18.Bxd4 cxd4 19.d3 Bh6 20.f4 e5 21.Re1 O-O 22.Rxe5 Rae8
23.Rxe8 Rxe8 24.Nd2 Re3 25.Ne4 Qe7 26.Rd1 f5 27.Ng3 Bg7 28.Kf1 Qh4 29.Re1 Rxe1+
30.Kxe1 Qxh2 31.Qf3 h5 32.Nf1 Qh4+ 33.g3 Qe7+ 34.Qe2 Qb7 35.Kf2 Bf6 36.Nd2 h4
37.Nf3 hxg3+ 38.Kxg3 Qd7 39.Qe1  0-1

[Event "ESP-ch"]
[Site "Linares"]
[Date "1998.08.17"]
[Round "6"]
[White "Magem Badals, Jorge"]
[Black "Martin Gonzalez, Angel"]
[Result "1/2-1/2"]
[WhiteElo "2540"]
[BlackElo "2425"]

1.e4 c5 2.Nf3 d6 3.Bb5+ Bd7 4.Bxd7+ Nxd7 5.O-O Ngf6 6.d3 e6 7.Nc3 Be7 8.Ng5 h6
9.Nh3 d5 10.f4 dxe4 11.dxe4 Nb6 12.Qf3 Qc7 13.a4 Qc6 14.a5 Nbd7 15.Qe2 c4
16.e5 Nd5 17.Nxd5 Qxd5 18.Rd1 Qc6 19.Nf2 O-O 20.Be3 Rfd8 21.Bd4  1/2-1/2

[Event "Wch (Men) U26"]
[Site "Rotterdam"]
[Date "1998.08.17"]
[Round "6"]
[White "Andreev, Eduard"]
[Black "Bucher, Denis"]
[Result "1-0"]
[WhiteElo "2330"]
[BlackElo "2180"]

1.e4 c5 2.Nf3 d6 3.Bb5+ Nd7 4.d4 Nf6 5.Nc3 a6 6.Bxd7+ Nxd7 7.Bg5 cxd4 8.Qxd4 Qb6
9.Qd2 Qxb2 10.Rb1 Qa3 11.Nd5 Rb8 12.O-O f6 13.Nc7+ Kd8 14.Ne6+ Ke8 15.Be3 Ne5
16.Nc7+ Kd7 17.Nxe5+ fxe5 18.Bb6 e6 19.Rb3 Qa4 20.Rc3 Qxe4 21.Re1 Qc6 22.Ba7  1-0

[Event "Wch (Men) U26"]
[Site "Rotterdam"]
[Date "1998.08.18"]
[Round "7"]
[White "Vysochin, Spartak"]
[Black "Zoler, Dan"]
[Result "1/2-1/2"]
[WhiteElo "2445"]
[BlackElo "2500"]

1.e4 c5 2.Nf3 d6 3.Bb5+ Bd7 4.Bxd7+ Qxd7 5.c4 Nc6 6.d4 cxd4 7.Nxd4 Nf6 8.Nc3 g6
9.f3 Bg7 10.Be3 O-O 11.O-O e6 12.Qd2 a6 13.Nde2 Ne5 14.b3 b5 15.Rfd1 b4 16.Nb1 d5
17.exd5 exd5 18.Qxb4 Qe6 19.Qb6 Nc6 20.Nbc3 d4 21.Bxd4 Nd7 22.Nf4 Nxb6 23.Nxe6 fxe6
24.Bxg7 Kxg7 25.Rd6 Rac8 26.Rxe6 Rfd8 27.Ne4 Nd7 28.Rd1 Nde5 29.Rd5 Nf7 30.Rc5 Nb8
31.Rxc8 Rxc8 32.Re7 Rd8 33.Rb7 Rd1+ 34.Kf2 Nc6 35.Rb6 Nd4 36.Rxa6 Ne5 37.Ra7+ Kf8
38.Rxh7 Rc1 39.Ke3 Nf5+ 40.Kf4 Nf7 41.Ng5 N5d6 42.Nxf7 Nxf7 43.Kg3 Rc2 44.Rh4 Rxa2
45.c5 Ke7 46.Re4+ Kf6 47.b4 Rb2 48.Rd4 Ke7 49.h4 Ne5 50.Rd5 Nc6 51.Rd6 Nxb4
52.Rb6 Nd3 53.Rxb2 Nxb2 54.c6 Nd3 55.f4 Kd6 56.f5 gxf5 57.h5 Ne5 58.Kf4 Nxc6
59.h6 Ke6 60.h7 Ne5 61.g4 fxg4 62.h8=Q Ng6+ 63.Kxg4  1/2-1/2

[Event "Rubinstein mem 35th"]
[Site "Polanica Zdroj"]
[Date "1998.08.22"]
[Round "5"]
[White "Rublevsky, Sergei"]
[Black "Gelfand, Boris"]
[Result "0-1"]
[WhiteElo "2685"]
[BlackElo "2675"]

1.e4 c5 2.Nf3 d6 3.Bb5+ Bd7 4.Bxd7+ Qxd7 5.c4 Nc6 6.Nc3 Nf6 7.O-O g6 8.d4 cxd4
9.Nxd4 Bg7 10.Nde2 O-O 11.f3 a6 12.a4 Qd8 13.Be3 Qa5 14.Kh1 Rfd8 15.Nd5 Nxd5
16.exd5 Ne5 17.b3 Nd7 18.Bd4 Nf6 19.Qd3 Re8 20.Nc3 e6 21.dxe6 fxe6 22.Rad1 Rad8
23.Qe3 Qb4 24.Na2 Qa3 25.Qc3 Qxa2 26.Rd2 Qa3 27.Ra1 Nd5 28.Qd3 Nf4 29.Rxa3 Nxd3
30.Rxd3 d5 31.Bxg7 Kxg7 32.g3 a5 33.Kg2 Kf6 34.cxd5 Rxd5 35.Rc3 Rd2+ 36.Kh3 Red8
37.Ra1 R8d5 38.g4 Rb2 39.Re3 Rdd2 40.Rae1 Rxh2+ 41.Kg3 Rbg2+ 42.Kf4 g5+ 43.Ke4 Rd2
44.Rd3 Rxd3 45.Kxd3 h5 46.gxh5 Rxh5 47.Kc4 Rh4+ 48.Kc5 Rb4 49.Re3 Kf5 50.Kd6 Kf4
51.Rc3 e5 52.Kd5 e4 53.fxe4 Rxe4  0-1

[Event "Rubinstein mem 35th"]
[Site "Polanica Zdroj"]
[Date "1998.08.23"]
[Round "6"]
[White "Rublevsky, Sergei"]
[Black "Ivanchuk, Vassily"]
[Result "1/2-1/2"]
[WhiteElo "2685"]
[BlackElo "2730"]

1.e4 c5 2.Nf3 d6 3.Bb5+ Nc6 4.Bxc6+ bxc6 5.O-O Bg4 6.c3 Nf6 7.d3 Nd7 8.Be3 Qb8
9.Nbd2 Qxb2 10.d4 cxd4 11.cxd4 g6 12.Qa4 Qb5 13.Qa3 Nb6 14.Rfc1 Bg7 15.Rab1 Qa4
16.Qxa4 Nxa4 17.Rxc6 Rc8 18.d5 Nc3 19.Rb7 a5 20.a3 h6 21.h3 Bd7 22.Rxc8+ Bxc8
23.Rc7 Ba6 24.Kh2 O-O 25.Rxe7 Ra8 26.Rd7 Bd3 27.Bd4 Nxe4 28.Nxe4 Bxe4 29.Bxg7 Kxg7
30.Rxd6 Bxf3 31.gxf3 Rb8 32.Ra6 Rb5 33.d6 Kf6 34.d7+ Ke7 35.Rd6 Rb8 36.Rd5 Rd8
37.Rxa5 Rxd7 38.Re5+ Kf6 39.Re8 Ra7 40.Kg3 Ra4 41.f4 Kf5 42.Re3 Kf6  1/2-1/2

[Event "Schwarzach opA"]
[Site "Schwarzach"]
[Date "1998.08.24"]
[Round "3"]
[White "Brumen, Dinko"]
[Black "Donegani, Hans Peter"]
[Result "1-0"]
[WhiteElo "2355"]
[BlackElo "2115"]

1.e4 c5 2.Nf3 d6 3.Bb5+ Nd7 4.d4 Nf6 5.Nc3 cxd4 6.Qxd4 e5 7.Qd3 h6 8.O-O Be7
9.Nd2 O-O 10.Bxd7 Bxd7 11.Nc4 Be6 12.Rd1 Qc7 13.Ne3 a6 14.Ncd5 Nxd5 15.exd5 Bd7
16.Nf5 Bxf5 17.Qxf5 Rac8 18.c3 Qc4 19.Rd3 g6 20.Qh3 h5 21.b3 Qe4 22.Bd2 f5
23.f4 Bh4 24.fxe5 dxe5 25.d6 Rfd8 26.c4 Rd7 27.Bc3 Bf6 28.Re1 Qc6 29.Qg3 Kf7
30.Bxe5 Qc5+ 31.Kf1 h4 32.Qf4 Bxe5 33.Rxe5 Qc6 34.Qxh4 Kg7 35.Re7+ Rxe7 36.Qxe7+ Kg8
37.d7  1-0

[Event "JUG-chT"]
[Site "Vrnjacka Banja"]
[Date "1998.08.29"]
[Round "8"]
[White "Baklan, Vladimir"]
[Black "Atalik, Suat"]
[Result "1/2-1/2"]
[WhiteElo "2585"]
[BlackElo "2585"]

1.e4 c5 2.Nf3 d6 3.Bb5+ Bd7 4.Bxd7+ Qxd7 5.c4 Nc6 6.d4 cxd4 7.Nxd4 Nf6 8.Nc3 Qg4
9.Qxg4 Nxg4 10.Nxc6 bxc6 11.Bf4 g5 12.Bxg5 Ne5 13.b3 Rg8 14.Bh4 Rg4 15.Bg3 Bg7
16.Kd2 Ng6 17.f3 Rg5 18.Rag1 Bd4 19.Rc1 Kd7 20.Ne2 Bb6 21.h4 Ra5 22.Rc2 Rg8
23.Be1 Ne5 24.Nf4 Ra3 25.Ke2 Bd4 26.Bb4  1/2-1/2

[Event "Karl Wagner mem 5th"]
[Site "Graz"]
[Date "1998.09.07"]
[Round "3.29"]
[White "Zirngast, Erhard"]
[Black "Jazbinsek, Sebastjan"]
[Result "0-1"]
[WhiteElo "2060"]
[BlackElo "2225"]

1.e4 c5 2.Nf3 d6 3.Bb5+ Nd7 4.O-O Nf6 5.e5 dxe5 6.Nxe5 a6 7.Bxd7+ Nxd7 8.Qh5 g6
9.Qe2 Bg7 10.Nxd7 Bxd7 11.Re1 O-O 12.Nc3 e5 13.d3 Bc6 14.Be3 b6 15.Rab1 f5
16.f3 Qd6 17.Red1 Bb7 18.Qd2 Rfe8 19.Kh1 Rad8 20.Qf2 Qc6 21.Rf1 Rd7 22.Rbd1 Bf8
23.Qh4 b5 24.a3 b4 25.Nb1 f4 26.Bg1 c4 27.axb4 cxd3 28.cxd3 Bxb4 29.Rc1 Qd5
30.Nc3 Qxd3 31.Rfd1 Qxf3 32.Rc2 Rxd1 33.Nxd1 Qe4 34.Qf2 f3 35.g3 Be1  0-1

[Event "Karl Wagner mem 5th"]
[Site "Graz"]
[Date "1998.09.08"]
[Round "4.1"]
[White "Oral, Tomas"]
[Black "Epishin, Vladimir"]
[Result "1/2-1/2"]
[WhiteElo "2510"]
[BlackElo "2585"]

1.e4 c5 2.Nf3 d6 3.Bb5+ Bd7 4.Bxd7+ Qxd7 5.c4 Nc6 6.Nc3 Nf6 7.O-O e6 8.d4 cxd4
9.Nxd4 Rc8 10.b3 Be7 11.Bb2 O-O 12.Qd3 a6 13.Rad1 Nxd4 14.Qxd4 Qc6 15.e5 dxe5
16.Qxe5 Qc7 17.Qxc7 Rxc7 18.Rd3 Rd8 19.Rxd8+ Bxd8 20.Rd1 Be7 21.Kf1 Kf8 22.Ke2 Ke8
23.Kf3 Rc5 24.g4 h5 25.h3 Rg5 26.Rg1 b5 27.cxb5 axb5 28.Ne4 hxg4+ 29.hxg4 Nxe4
30.Kxe4 b4 31.f4 f5+ 32.Kf3 fxg4+ 33.Rxg4 Ra5 34.Bxg7 Rxa2 35.Ke4 Rd2  1/2-1/2

[Event "Karl Wagner mem 5th"]
[Site "Graz"]
[Date "1998.09.10"]
[Round "6.7"]
[White "Oral, Tomas"]
[Black "Gershon, Alik"]
[Result "1/2-1/2"]
[WhiteElo "2510"]
[BlackElo "2460"]

1.e4 c5 2.Nf3 d6 3.Bb5+ Bd7 4.Bxd7+ Qxd7 5.c4 Nc6 6.Nc3 g6 7.d4 cxd4 8.Nxd4 Bg7
9.Nde2 Nf6 10.f3 O-O 11.O-O a6 12.a4 Rfd8 13.Bg5 e6 14.Bh4 Qc7 15.Kh1 Rd7
16.b3 Qa5 17.Qd2 Ne8 18.Rfd1 Nc7 19.Bg3 Rad8 20.Rab1 Qc5 21.Bf4 Nb4 22.Bg5 Nd3
23.Qxd3 Qxg5 24.f4 Qh5 25.Rd2  1/2-1/2

[Event "Karl Wagner mem 5th"]
[Site "Graz"]
[Date "1998.09.12"]
[Round "8.6"]
[White "Lendwai, Reinhard"]
[Black "Pavasovic, Dusko"]
[Result "1/2-1/2"]
[WhiteElo "2375"]
[BlackElo "2505"]

1.e4 c5 2.Nf3 d6 3.Bb5+ Nd7 4.O-O Nf6 5.Re1 a6 6.Bxd7+ Nxd7 7.d4 e6 8.d5 e5
9.a4 b6 10.c4 a5 11.Ng5 h6 12.Nh3 g5 13.Kh1 Be7 14.Ng1 h5 15.Nd2 Nf6 16.Nf1 h4
17.f3 Nh5 18.h3 Bd7 19.Kh2 Qc7 20.Ne3 O-O-O 21.Ne2 Kb7 22.Nc3 Qc8 23.Ra3 Rdf8  1/2-1/2

[Event "CRO-chT"]
[Site "Porec"]
[Date "1998.09.14"]
[Round "8"]
[White "Radocaj, Radmila"]
[Black "Belamaric, Tanja"]
[Result "0-1"]
[WhiteElo "2110"]
[BlackElo "2180"]

1.e4 c5 2.Nf3 d6 3.Bb5+ Nd7 4.c3 Nf6 5.Qe2 a6 6.Ba4 e6 7.O-O Be7 8.Bc2 Ne5
9.d4 Nxf3+ 10.Qxf3 Qc7 11.dxc5 dxc5 12.Bf4 e5 13.Bg3 c4 14.h3 Be6 15.Nd2 O-O
16.Qe2 Nd7 17.Nf3 f6 18.Nd4 Bf7 19.Nf5 Bc5 20.Qg4 Bg6 21.Rfd1 Nb6 22.a4 Rad8
23.b4 cxb3 24.Bxb3+ Kh8 25.h4 Nc8 26.h5 Bxf5 27.exf5 h6 28.Kh1 Nd6 29.Be6 Bb6
30.a5 Bxa5 31.Rac1 Bb6 32.Rd5 Nb5 33.Rxd8 Rxd8 34.f4 e4 35.c4 Be3 36.Re1 Bd2
37.cxb5 Bxe1 38.Bxe1 Qc1 39.Kh2 Qxe1 40.bxa6 bxa6 41.Bb3 Rb8 42.Bc2 Rc8 43.Bd1 Rc1
44.Be2 Qg1+ 45.Kg3 Rc3+  0-1

[Event "Sao Paulo zt"]
[Site "Sao Paulo"]
[Date "1998.09.15"]
[Round "8"]
[White "Milos, Gilberto"]
[Black "Vescovi, Giovanni"]
[Result "1/2-1/2"]
[WhiteElo "2575"]
[BlackElo "2525"]

1.e4 c5 2.Nf3 d6 3.Bb5+ Bd7 4.Bxd7+ Qxd7 5.O-O Nc6 6.c4 Nf6 7.Nc3 g6 8.d4 cxd4
9.Nxd4 Nxd4 10.Qxd4 Bg7 11.b3 O-O  1/2-1/2

[Event "Elista ol (Men)"]
[Site "Elista"]
[Date "1998.09.29"]
[Round "1"]
[White "Rublevsky, Sergei"]
[Black "Brestian, Egon"]
[Result "1-0"]
[WhiteElo "2685"]
[BlackElo "2430"]

1.e4 c5 2.Nf3 d6 3.Bb5+ Bd7 4.Bxd7+ Qxd7 5.c4 e5 6.Nc3 Nc6 7.O-O g6 8.a3 Bg7
9.b4 Nge7 10.bxc5 dxc5 11.d3 O-O 12.Nd5 f5 13.Bg5 Nc8 14.Be3 b6 15.a4 f4
16.Bd2 a5 17.Rb1 Nb4 18.g3 Ra7 19.Bc3 Qd6 20.gxf4 exf4 21.Bxg7 Rxg7 22.Kh1 g5
23.Rg1 g4 24.Nh4 h5 25.Qd2 Ne7 26.Rbe1 Nec6 27.Nf5 Rxf5 28.exf5 Nxd5 29.cxd5 Qxd5+
30.Re4 Qxf5 31.Qxf4 Qxf4 32.Rxf4 Nb4 33.Re1 Nxd3 34.Re8+ Kh7 35.Rf5 Kg6 36.Ref8 Re7
37.R8f6+ Kg7 38.Rxb6 h4 39.h3 gxh3 40.Kh2 Re2 41.Kxh3 Nxf2+ 42.Kxh4  1-0

[Event "Elista ol (Men)"]
[Site "Elista"]
[Date "1998.10.02"]
[Round "4"]
[White "Kostenko, Petr"]
[Black "Sadler, Matthew"]
[Result "1/2-1/2"]
[WhiteElo "2470"]
[BlackElo "2660"]

1.e4 c5 2.Nf3 d6 3.Bb5+ Bd7 4.Bxd7+ Qxd7 5.c4 Nc6 6.Nc3 Ne5 7.d4 cxd4 8.Qxd4 Nc6
9.Qd3 g6 10.O-O Bg7 11.Nd5 Nf6 12.Nxf6+ Bxf6 13.Bh6 Bxb2 14.Rab1 Be5 15.c5 O-O-O
16.cxd6 Bxd6 17.Qc4 Kb8 18.Rb5 Ka8 19.Rfb1 Bb8 20.Qxf7 Nd4 21.Nxd4 Qxd4 22.Qf3 Rd7
23.e5 Qd3 24.Qxd3 Rxd3 25.Rxb7 Rhd8 26.f4 Rd1+ 27.Kf2 R8d2+ 28.Ke3 Rxb1 29.Rxb1 Rxg2
30.Bf8 g5 31.Bxe7 gxf4+ 32.Kxf4 Rf2+ 33.Ke3 Rf5 34.Bd6 Bxd6 35.exd6 Rd5 36.Rg1 Rxd6
37.Rg8+ Kb7 38.Rg7+ Kb6 39.Rxh7 Rc6 40.Kd3 Rg6 41.Kc3 Rg2 42.Kb3 Rf2 43.Rh4 Rf3+
44.Kb4 Rf2 45.a3 Ka6 46.h3 Rf3 47.a4 Kb7 48.Rh5 Ka6 49.Rh6+ Kb7 50.Rh4 Re3
51.Kc5 Ka6 52.Rh5 Rf3 53.Kd6 Rf4 54.a5 Rf3 55.h4 Rf4 56.Ke5 Rc4 57.Ke6 Re4+
58.Kf5 Rc4 59.Rh7 Rc5+ 60.Kg6 Rc6+ 61.Kf5 Rc5+ 62.Kg4 Rc4+ 63.Kf3 Kxa5 64.Rxa7+ Kb6
65.Rh7 Kc6 66.Kg3 Kd6 67.Rf7 Ke6 68.Rf3 Rc7  1/2-1/2

[Event "Elista ol (Men)"]
[Site "Elista"]
[Date "1998.10.05"]
[Round "7"]
[White "Antonio, Rogelio Jr"]
[Black "Ricardi, Pablo"]
[Result "1-0"]
[WhiteElo "2540"]
[BlackElo "2545"]

1.e4 c5 2.Nf3 d6 3.Bb5+ Bd7 4.Bxd7+ Nxd7 5.O-O Ngf6 6.Re1 e6 7.c4 Ne5 8.d3 Be7
9.b3 O-O 10.Bb2 Nc6 11.d4 cxd4 12.Nxd4 Nxd4 13.Qxd4 Qa5 14.Nc3 a6 15.a3 Rfd8
16.h3 Rac8 17.Rad1 Ne8 18.Qe3 Bf6 19.f4 h6 20.Rc1 g5 21.g3 gxf4 22.gxf4 Ng7
23.Kh2 Kh7 24.Rg1 Qh5 25.Rg4 b5 26.Rcg1 Rg8 27.Qe2  1-0

[Event "Elista ol (Men)"]
[Site "Elista"]
[Date "1998.10.05"]
[Round "7"]
[White "Peng Xiaomin"]
[Black "Oll, Lembit"]
[Result "1/2-1/2"]
[WhiteElo "2550"]
[BlackElo "2650"]

1.e4 c5 2.Nf3 d6 3.Bb5+ Bd7 4.Bxd7+ Nxd7 5.O-O Ngf6 6.Qe2 e6 7.b3 Be7 8.Bb2 O-O
9.c4 e5 10.Ne1 Ne8 11.f4 exf4 12.Rxf4 Nc7 13.Nc2 Ne6 14.Rf2 Bh4 15.g3 Bf6
16.Bxf6 Nxf6 17.Nc3 Nd7 18.Raf1 Ne5 19.Nd5 a6 20.Nce3 f6 21.Nf5 Kh8 22.h4 b5
23.d3 Ra7 24.Kh1 Rb7 25.h5 Rbf7 26.Nf4 Qd7 27.Ng6+ Kg8 28.Nxf8 Rxf8 29.cxb5 axb5
30.a4 g6 31.hxg6 hxg6 32.Ne3 Nd4 33.Qd2 Qh3+ 34.Rh2 Qxg3 35.Rg2 Qh3+ 36.Rh2 Qg3
37.Rg2 Qh3+  1/2-1/2

[Event "Elista ol (Men)"]
[Site "Elista"]
[Date "1998.10.07"]
[Round "9"]
[White "Hatanbaatar, Bazar"]
[Black "David, Alberto"]
[Result "0-1"]
[WhiteElo "2440"]
[BlackElo "2520"]

1.e4 c5 2.Nf3 d6 3.Bb5+ Nc6 4.O-O Bd7 5.Re1 a6 6.Bf1 Bg4 7.c3 g6 8.d3 Bxf3
9.Qxf3 Nf6 10.a3 Bg7 11.b4 Nd7 12.Ra2 O-O 13.Qh3 b5 14.Bh6 e5 15.Be3 Qe7
16.Nd2 Nb6 17.Nf3 a5 18.bxc5 dxc5 19.Rb2 b4 20.axb4 axb4 21.cxb4 Na4 22.Bxc5 Nxc5
23.bxc5 Qxc5 24.Reb1 Nd4 25.Nd2 Qc7 26.Nc4 Rab8 27.Qg4 Rxb2 28.Rxb2 Rb8 29.Rxb8+ Qxb8
30.g3 Qc7 31.h4 h5 32.Qd1 Bf8 33.Bg2 Bc5 34.Kh2 Nc6 35.Qf1 Na5 36.Ne3 Bxe3
37.fxe3 Qc3 38.Qd1 Nb3 39.Kg1 Qb2 40.Bf1 Nd2 41.Be2 Nb1 42.Bf1 Nc3 43.Qe1 Qc2
44.Qf2 Qc1 45.Kh2 Kg7 46.Bg2 Nd1 47.Qe1 Qc2 48.d4 Nf2 49.Kg1 Nd3 50.Qf1 Qd2
51.Qf3 Ne1 52.Qf2 Qd1 53.Kh2 Nd3 54.Qf3 Qd2 55.Kg1 Ne1 56.Qf2 Qd1 57.Kh2 Nd3
58.Qf3 Qe1 59.Bh3 Qd2+ 60.Kg1 Ne1 61.Qf2 Qd1 62.d5 Nf3+ 63.Kg2 Nd2 64.Be6 f6
65.Kh2 Nxe4 66.Qg2 Nd2 67.Qf2 e4 68.Kg2 Nc4 69.d6 Nxd6 70.Kh2 Qc1 71.Qf4 Qc5
72.Kg2 g5 73.hxg5 fxg5 74.Qf2 Qe5 75.Qa2 h4 76.gxh4 gxh4 77.Kh1 Qc3 78.Qd5 Qe1+
79.Kg2 Qg3+ 80.Kh1 h3 81.Qd2 Kf6 82.Bd7 Nc4 83.Qd4+ Ke7 84.Qxe4+ Kxd7 85.Qb7+ Ke6
86.Qc8+ Kd5 87.Qb7+ Kc5 88.Qe7+ Nd6 89.Qc7+ Kd5 90.e4+ Ke6 91.Qc2 Nf7 92.Qc4+ Kf6
93.Qe2 Ng5 94.Qb2+ Kg6 95.e5 Nf3 96.Qc2+ Kg5 97.Qc1+ Kf5  0-1

[Event "Elista ol (Men)"]
[Site "Elista"]
[Date "1998.10.07"]
[Round "9"]
[White "Morozevich, Alexander"]
[Black "Sadler, Matthew"]
[Result "1/2-1/2"]
[WhiteElo "2625"]
[BlackElo "2660"]

1.e4 c5 2.Nf3 d6 3.Bb5+ Bd7 4.Bxd7+ Qxd7 5.c4 Nc6 6.Nc3 g6 7.d4 cxd4 8.Nxd4 Bg7
9.Be3 Nf6 10.f3 O-O 11.O-O Rfd8 12.Qd2 e6 13.Rad1 d5 14.Nxc6 bxc6 15.Bg5 Qc7
16.cxd5 cxd5 17.exd5 exd5 18.Qf2 Qb7 19.Rd3 Rab8 20.Bf4 Rbc8 21.Be3 Nd7 22.Rfd1 Ne5
23.Rxd5 Rxd5 24.Nxd5 Nc4 25.Bc1 Nxb2 26.Bxb2 Bxb2 27.Ne7+ Qxe7  1/2-1/2

[Event "NRW Sportland Cup Masters"]
[Site "Senden"]
[Date "1998.10.08"]
[Round "1"]
[White "Glek, Igor V"]
[Black "Grafl, Florian"]
[Result "1-0"]
[WhiteElo "2580"]
[BlackElo "2230"]

1.e4 c5 2.Nf3 d6 3.Bb5+ Bd7 4.Bxd7+ Qxd7 5.c4 Nc6 6.d4 cxd4 7.Nxd4 Nf6 8.Nc3 g6
9.Nde2 Bg7 10.O-O O-O 11.f3 Rfc8 12.Rb1 Ne5 13.b3 a6 14.a4 b6 15.Kh1 Qb7
16.Bg5 Rd8 17.Qd2 a5 18.Nd4 Rd7 19.Nd5 Ne8 20.Rbd1 Bf8 21.Nb5 Ra6 22.Qf2 e6
23.Nf6+ Nxf6 24.Bxf6 Nc6 25.Qg3 Qb8 26.f4 Na7 27.Nc3 Qe8 28.Rf2 Nc8 29.Rfd2 Raa7
30.Rd3 Rab7 31.Qh4 Bg7 32.Nb5 Bxf6 33.Qxf6 Qf8 34.e5 d5 35.cxd5 exd5 36.Rxd5 Qc5
37.Nd6 Nxd6 38.exd6 Qb4 39.h4 h5 40.Rb5 Qa3 41.f5 Kh7 42.Kh2 Qa2 43.Re5 Rb8
44.fxg6+ fxg6 45.Re7+ Rxe7 46.Qxe7+ Kh6 47.Qe3+ Kh7 48.Rc1  1-0

[Event "Elista ol (Men)"]
[Site "Elista"]
[Date "1998.10.10"]
[Round "11"]
[White "Guillen R, Jose"]
[Black "Najjar, Ahmad"]
[Result "1-0"]
[WhiteElo "2220"]
[BlackElo "2255"]

1.e4 c5 2.Nf3 d6 3.Bb5+ Bd7 4.Bxd7+ Nxd7 5.O-O Ngf6 6.Qe2 e5 7.c3 Be7 8.d4 O-O
9.Rd1 Qc7 10.Bg5 h6 11.Bh4 Rfe8 12.dxe5 Nxe5 13.Nxe5 dxe5 14.Na3 Nh7 15.Nb5 Qa5
16.Bg3 a6 17.Na3 Bg5 18.Rd7 b5 19.Rad1 Nf6 20.R7d6 h5 21.h4 Bh6 22.Qf3 Qa4
23.Re1 b4 24.Nc4 Qxa2 25.Nxe5 Qxb2 26.Rxf6 gxf6 27.Qxf6 Ra7 28.Qxh6 Qxc3
29.Qg5+ Kf8 30.Qh6+ Kg8 31.Qg5+ Kf8 32.Rd1 b3 33.Qh6+ Kg8 34.Qg5+ Kf8 35.Nc6 f6
36.Bd6+ Rae7 37.Bxe7+ Rxe7 38.Rd8+ Re8 39.Qh6+ Kf7 40.Qh7+ Ke6 41.Qf5+ Kf7
42.Qxh5+ Kg7 43.Rd7+  1-0

[Event "NRW Sportland Cup Masters"]
[Site "Senden"]
[Date "1998.10.10"]
[Round "3"]
[White "Kroencke, Manfred"]
[Black "Balcerak, Philipp"]
[Result "1-0"]
[WhiteElo "2165"]
[BlackElo "2020"]

1.e4 c5 2.Nf3 d6 3.Bb5+ Bd7 4.Bxd7+ Qxd7 5.O-O Nf6 6.e5 dxe5 7.Nxe5 Qd6 8.Re1 Nc6
9.Nxc6 Qxc6 10.d3 e6 11.Nd2 Be7 12.Nc4 Nd7 13.a4 O-O 14.Qg4 Bf6 15.Bg5 Bxg5
16.Qxg5 Qc7 17.Re3 Nb6 18.Rg3 g6 19.Rh3 Nxc4 20.Qh4 f6 21.Qxc4 Qf7 22.f4 Rac8
23.Re1 Rc6 24.Rhe3 Re8 25.b3 Qd7 26.Kf1 Kf7 27.f5 gxf5 28.Qh4 Rh8 29.Qh5+ Kf8
30.Qh6+ Qg7 31.Qxg7+ Kxg7 32.Rxe6 Rxe6 33.Rxe6 Kf7 34.Rd6 Ke7 35.Rd5 b6 36.Rxf5 Ke6
37.Rh5 h6 38.g4 Kf7 39.Ke2 Kg6 40.a5 Re8+ 41.Kd2 Rd8 42.h3 Rd4 43.Ke3 Rd6
44.Rf5 Re6+ 45.Kd2 Rd6 46.c3 Kf7 47.axb6 axb6 48.Rh5 Kg6 49.c4 Re6 50.Rd5 Rc6
51.d4 cxd4 52.Kd3 Kf7 53.Kxd4 Re6 54.c5 bxc5+ 55.Rxc5 Rd6+ 56.Kc4 Rd1 57.b4 Rh1
58.Rh5  1-0

[Event "Elista ol (Men)"]
[Site "Elista"]
[Date "1998.10.11"]
[Round "12"]
[White "Brynell, Stellan"]
[Black "Vera, Reynaldo"]
[Result "0-1"]
[WhiteElo "2485"]
[BlackElo "2530"]

1.e4 c5 2.Nf3 d6 3.Bb5+ Bd7 4.Bxd7+ Qxd7 5.O-O Nc6 6.c3 Nf6 7.d4 cxd4 8.cxd4 d5
9.e5 Ng8 10.b4 e6 11.b5 Na5 12.Qa4 b6 13.Bd2 Nc4 14.Bb4 Bxb4 15.Qxb4 Ne7
16.Nbd2 Rc8 17.Rac1 O-O 18.a4 h6 19.Rfd1 Rc7 20.Nxc4 dxc4 21.Rxc4 Rxc4 22.Qxc4 Rc8
23.Qb3 Nd5 24.h3 Rc3 25.Qb2 Qc7 26.Ra1 g6 27.Qd2 Kg7 28.Nh2 Rc2 29.Qd3 Qc4
30.Qxc4 Rxc4 31.Nf3 Nc3 32.a5 Rb4 33.axb6 axb6 34.Ra8 Rxb5 35.Rc8 Ne2+ 36.Kh2 Rb2
37.g3 b5 38.Rc7 Kf8 39.Kg2 b4 40.Rb7 b3 41.Nh2 Nxd4 42.Ng4 Kg7 43.Rb4 Nc6
44.Rb6 Ne7 45.Rb8 Nd5 46.Kf3 Rb1 47.Ne3 Ne7 48.Nc4 Nc6 49.Rb6 Rc1 50.Nd2 Nxe5+
51.Kf4 Nc4 52.Nxb3 Rc2 53.Rc6 g5+  0-1

[Event "Elista ol (Men)"]
[Site "Elista"]
[Date "1998.10.12"]
[Round "13"]
[White "Odeev, Handszar"]
[Black "Gonzalez Garcia, Jose"]
[Result "0-1"]
[WhiteElo "2420"]
[BlackElo "2445"]

1.e4 c5 2.Nf3 d6 3.Bb5+ Bd7 4.Bxd7+ Qxd7 5.O-O Nc6 6.c3 Nf6 7.d4 Nxe4 8.d5 Ne5
9.Nxe5 dxe5 10.Re1 Nd6 11.Rxe5 g6 12.Re2 Bg7 13.Bg5 Nf5 14.Na3 O-O 15.Nc4 h6
16.Bf4 Rad8 17.Rd2 Nd6 18.Bxd6 exd6 19.a4 Rfe8 20.Re2 Rxe2 21.Qxe2 Re8 22.Qd3 Bf8
23.Kf1 h5 24.h3 Qd8 25.Re1 Rxe1+ 26.Kxe1 Qe8+ 27.Kf1 Qxa4 28.g3 Qa1+ 29.Kg2 b5
30.Na3 a6 31.Qc2 Qa2 32.Qd2 Bg7 33.g4 hxg4 34.hxg4 Qb3  0-1

[Event "Elista ol (Men)"]
[Site "Elista"]
[Date "1998.10.12"]
[Round "13"]
[White "Solomon, Stephen J"]
[Black "Mohamed, Esam Ahmed Nagib"]
[Result "1/2-1/2"]
[WhiteElo "2435"]
[BlackElo "2455"]

1.e4 c5 2.Nf3 d6 3.Bb5+ Bd7 4.Bxd7+ Qxd7 5.c4 Nf6 6.Nc3 Nc6 7.d4 cxd4 8.Nxd4 Qg4
9.Qxg4 Nxg4 10.Nxc6 bxc6 11.f4 g6 12.h3 Nf6 13.Be3 Bg7 14.O-O-O Nd7 15.Kc2 O-O-O
16.b4 Kb7 17.Rd2 Bxc3 18.Kxc3 Nf6 19.Kd3 d5 20.cxd5 cxd5 21.e5 Ne4 22.Rc2 Rc8
23.Rhc1 Rxc2 24.Rxc2 a6 25.Bc5 e6 26.Kd4 h5 27.a4 Rc8 28.Rc1 Ng3 29.Rc2 h4
30.Kd3 Nf5 31.Bf2 Rg8 32.Ke2 g5 33.fxg5 Rxg5 34.Kf3 Rg8 35.b5 axb5 36.axb5 d4
37.Rd2 Rd8 38.Ke4 Kb6 39.Rb2 Rd5 40.Rb4 Ka5 41.Rb2 Kb6 42.Rb4 Ka5 43.Rb1 Kb6
44.Rb4 Ka5  1/2-1/2

[Event "Elista ol (Men)"]
[Site "Elista"]
[Date "1998.10.12"]
[Round "13"]
[White "Antonio, Rogelio Jr"]
[Black "Ilincic, Zlatko"]
[Result "1-0"]
[WhiteElo "2540"]
[BlackElo "2570"]

1.e4 c5 2.Nf3 d6 3.Bb5+ Bd7 4.Bxd7+ Qxd7 5.O-O Nf6 6.Re1 Nc6 7.c3 e5 8.d4 Be7
9.d5 Nd8 10.a4 O-O 11.c4 a5 12.Nc3 Kh8 13.Nd2 Ng8 14.Nf1 g6 15.Ra3 f6 16.Nb5 Nf7
17.Ng3 b6 18.Bd2 Rae8 19.Rf1 Bd8 20.Qc2 Ngh6 21.Qc1 Ng8 22.Kh1 Kg7 23.h3 h5
24.Kg1 Kh7 25.Qd1 Ngh6 26.Re1 Rg8 27.Qc2 Rg7 28.Rf1 h4 29.Nh1 f5 30.f3 Ng8
31.f4 exf4 32.exf5 g5 33.Nf2 Nf6 34.Bc3 Ne5 35.b3 Kg8 36.Re1 Rge7 37.Raa1 Rf7
38.Rad1 Rfe7 39.Qb1 Kg7 40.Qc2 Kh6 41.Nd3 Nxd3 42.Re6 Nb4 43.Bxb4 Rxe6 44.dxe6 Qh7
45.Nxd6 Rxe6 46.Nf7+ Qxf7 47.fxe6 Qxe6 48.Re1 Qc8 49.Bc3 f3 50.Rf1 fxg2 51.Qxg2 Qe6
52.Qf3 Nh5 53.Re1 Qd6 54.Rd1 Qc7 55.Qf8+ Kh7 56.Qh8+ Kg6 57.Qe8+ Kh6 58.Be5  1-0

[Event "NRW Sportland Cup Masters"]
[Site "Senden"]
[Date "1998.10.14"]
[Round "7"]
[White "Sarana, Oksana"]
[Black "Wiehagen, Juergen"]
[Result "1-0"]
[WhiteElo "2265"]
[BlackElo "2100"]

1.e4 c5 2.Nf3 d6 3.Bb5+ Nd7 4.d4 a6 5.Bxd7+ Bxd7 6.O-O g6 7.e5 dxe5 8.Nxe5 Bf5
9.Qf3 f6 10.Nc4 Be6 11.Ne3 cxd4 12.Rd1 Qb6 13.Nd5 Qc5 14.Nf4 Bc8 15.c3 Qc6
16.Qe2 Bh6 17.cxd4 Bf5 18.Nc3 b5 19.Nfd5 Bxc1 20.Raxc1 Rc8 21.Re1 Qd6 22.Ne3 Bd7
23.d5 f5 24.a4 b4 25.Nc4 Rxc4 26.Qxc4 bxc3 27.Rxc3 Nf6 28.Rce3 Nxd5 29.Qd4 Rg8
30.Re5 Bc6 31.Qc4 Bb7 32.Qb3 Bc6 33.Re6 Qd7 34.R1e5 Rg7 35.Rxc6 Qxc6 36.Rxd5 Qc1+
37.Rd1 Qc7 38.Qd3 Qc6 39.Qd8+ Kf7 40.Re1 Kf6 41.Qd4+ Kf7 42.Rxe7+ Kxe7 43.Qxg7+ Ke6
44.g3 Qxa4 45.Qxh7 Kf6 46.Qh4+ Qxh4 47.gxh4 f4 48.Kg2 Ke5 49.Kf3 Kf5 50.b4 Ke5
51.Kg4 Ke4 52.h5 gxh5+ 53.Kxh5  1-0

[Event "SWE-chT 9899"]
[Site "Sweden"]
[Date "1998.10.16"]
[Round "1"]
[White "Delveborn, Ingemar"]
[Black "Malmstig, Erik"]
[Result "0-1"]
[WhiteElo "2235"]
[BlackElo "2305"]

1.e4 c5 2.Nf3 d6 3.Bb5+ Nc6 4.O-O Bd7 5.Re1 g6 6.c3 Bg7 7.h3 Qb6 8.Bf1 Rc8
9.Na3 Nf6 10.Nc4 Qc7 11.e5 dxe5 12.Ncxe5 O-O 13.Nxd7 Nxd7 14.d3 b5 15.Bg5 b4
16.Qd2 bxc3 17.bxc3 Qa5 18.Rac1 Nb6 19.Bh6 Rfd8 20.Bxg7 Kxg7 21.Re4 h6 22.Rh4 Rh8
23.Qe2 Nd5 24.Rc4 Nb6 25.Re4 Nd5 26.Qc2 Rb8 27.d4 Nf6 28.Ne5 Nxe5 29.Rxe5 Rhc8
30.d5 Qc7 31.Rce1 Re8 32.c4 Qd6 33.Bd3 Nd7 34.R5e3 Qf6 35.R3e2 Nb6 36.Re3 a5
37.Rf3 Qd4 38.Qe2 Nd7 39.Re3 Rb2 40.Qf3 Rxa2 41.Rxe7 Rxe7 42.Rxe7 Ne5 43.Qe3 Qxe3
44.fxe3 Nxd3 45.d6 Kf6 46.Re8 Ne5 47.e4 a4 48.Rc8 Nd7  0-1

[Event "Bundesliga 9899"]
[Site "Germany"]
[Date "1998.10.17"]
[Round "1.2"]
[White "Baklan, Vladimir"]
[Black "Sadler, Matthew"]
[Result "1/2-1/2"]
[WhiteElo "2540"]
[BlackElo "2650"]

1.e4 c5 2.Nf3 d6 3.Bb5+ Bd7 4.Bxd7+ Qxd7 5.c4 e5 6.Nc3 Nc6 7.d3 g6 8.a3 Bg7
9.O-O Nge7 10.Bg5 f6 11.Be3 O-O  1/2-1/2